John Roberts Architects Ltd v Parkcare Homes (No 2) Ltd (Record no. 76508)
[ view plain ]
| 000 -LEADER | |
|---|---|
| fixed length control field | 01795cab a2200181 4500 |
| 001 - CONTROL NUMBER | |
| control field | ##L132585 |
| 008 - FIXED-LENGTH DATA ELEMENTS--GENERAL INFORMATION | |
| fixed length control field | 060221n2006 000 0 eng u |
| 035 ## - SYSTEM CONTROL NUMBER | |
| System control number | (Sirsi) u132585 |
| 041 0# - LANGUAGE CODE | |
| Language code of text/sound track or separate title | eng |
| 245 00 - TITLE STATEMENT | |
| Title | John Roberts Architects Ltd v Parkcare Homes (No 2) Ltd |
| 260 ## - PUBLICATION, DISTRIBUTION, ETC. | |
| Date of publication, distribution, etc. | 2006 |
| 520 ## - SUMMARY, ETC. | |
| Summary, etc. | [2006] EWCA Civ 64, 9 February 2006. A construction contract between J and P incorporated a clause giving the adjudicator power to direct payment of legal costs and expenses of one party by the other as part of his decision. An adjudicator was appointed, but the adjudication did not proceed to a substantive decision, after P dropped its claim. The adjudicator ordered P to pay J's legal costs up to discontinuance. The judge held that the adjudicator had no jurisdiction to direct payment of costs other than as part of a substantive decision. J appealed, arguing that although P could abandon its claim, the parties had not intended that a referring party could discontinue an action without leaving the other party a remedy for recovery of costs. P submitted that the judge had interpreted the adjudication agreement correctly. "Held" the correct interpretation of the agreement for adjudication did not limit the adjudicator's power to direct payment of legal costs to circumstances in which he made a substantive contested decision, and therefore the appeal was allowed. |
| 590 ## - LOCAL NOTE (RLIN) | |
| Local note | IKA280206 |
| 650 24 - SUBJECT ADDED ENTRY--TOPICAL TERM | |
| Topical term or geographic name entry element | JOHN ROBERTS ARCHITECTS LTD V PARKCARE HOMES LTD |
| 690 ## - LOCAL SUBJECT ADDED ENTRY--TOPICAL TERM (OCLC, RLIN) | |
| Topical term or geographic name as entry element | MANAGEMENT-DISPUTE AVOIDANCE, MANAGEMENT AND RESOLUTION-DISPUTE MANAGEMENT AND RESOLUTION-ALTERNATIVE DISPUTE RESOLUTION-ADJUDICATION-ADJUDICATORS-ADJUDICATORS' JURISDICTION |
| 856 41 - ELECTRONIC LOCATION AND ACCESS | |
| Uniform Resource Identifier | <a href="https://www.bailii.org/ew/cases/EWCA/Civ/2006/64.html">https://www.bailii.org/ew/cases/EWCA/Civ/2006/64.html</a> |
| Public note | View the item free of charge at http://www.bailii.org... |
| 942 ## - ADDED ENTRY ELEMENTS (KOHA) | |
| Suppress in OPAC | 0 |
| Withdrawn status | Lost status | Source of classification or shelving scheme | Damaged status | Not for loan | Home library | Current library | Shelving location | Date acquired | Total Checkouts | Full call number | Barcode | Date last seen | Copy number | Price effective from | Koha item type |
|---|---|---|---|---|---|---|---|---|---|---|---|---|---|---|---|
| Dewey Decimal Classification | Virtual | Virtual | Online | 21/02/2006 | ONLINE PUBLICATION | 132585-1001 | 06/08/2019 | 1 | 06/08/2019 | Law report |